| 000 | 00984nam a2200361 a 4500 | ||
|---|---|---|---|
| 003 | AR-BaBNM | ||
| 005 | 20251128205826.0 | ||
| 008 | 082120s2002 ||||||||||||||000 | spa|| | ||
| 020 | _a84-331-0734-8 | ||
| 040 | _cAR-BaBNM | ||
| 100 | 1 | _aGonzález, Rosa | |
| 245 | 0 | 0 |
_aTaller de valores _beducación primaria : propuesta didáctica |
| 260 |
_aMadrid _bEscuela Española _c1996 |
||
| 300 | _a179 p. | ||
| 490 | 0 | _aEducación al día. Didáctica y Pedagogía | |
| 600 | 1 | 4 | _aFreinet, Celestin |
| 600 | 1 | 4 | _aCamps, Victoria |
| 650 | 4 | _aVALORES | |
| 650 | 4 | _aTALLERES [METODO PEDAGOGICO] | |
| 650 | 4 | _aDIDACTICA | |
| 650 | 4 | _aESCUELAS | |
| 650 | 4 | _aMORAL | |
| 650 | 4 | _aSOLIDARIDAD | |
| 650 | 4 | _aJUSTICIA | |
| 650 | 4 | _aDOCENTES | |
| 650 | 4 | _aMETODOS ACTIVOS | |
| 651 | 4 | _aEspaña | |
| 653 | _aEDUCACION PRIMARIA | ||
| 653 | _aLEY DE ORDENACION GENERAL DEL SISTEMA EDUCATIVO {LOGSE}: ESPAÑA | ||
| 700 | 1 | _aDíez, Esther | |
| 942 | _cBK | ||
| 998 | _carturo | ||
| 999 |
_c12964 _d12964 |
||